40. Panel (Record no. 2710)

MARC details
000 -BAŞLIK
Sabit Uzunlukta Kontrol Alanı 00674na a2200229 4500
001 - KONTROL NUMARASI
Denetim Alanı 17021
003 - KONTROL NUMARASI IDENTIFIER
Denetim Alanı MIRAKIL
005 - SON İŞLEM TARİHİ VE ZAMANI
Denetim Alanı 20181213154907.0
008 - SABİT-BOY VERİ ELEMANLARI - GENEL BİLGİLER
Sabit Uzunlukta Kontrol Alanı 161021b tu 000 0
035 ## - SİSTEM KONTROL NUMARASI
Sistem Kontrol Numarası 17021
040 ## - KATALOGLAMA KAYNAK
Orijinal Kataloglama Ajansı Milas
Kataloglama Dili tur
Metne Dönüştürmek Ajansı TR-AnCHP
041 ## - DİL KODU
Metin / Ses Parça Veya Ayrı Başlığın Dil Kodu tur
082 ## - DEWEY ONLU SINIFLANDIRMA NUMARASI
Sınıflandırma Numarası 342.03
Ürün Numarası R32k 2010
090 ## - SINIFLAMA NUMARASI
Sınıflama Numarası 342.03 R32k 2010
111 ## - ANA GİRİŞ - TOPLANTI ADI
Giriş Elemanı Olarak Toplantı Adı Veya Yargı Alanı Adı Referanduma Doğru Anayasa Değişikliği
Toplantının Yeri [İzmir]
Toplantı Veya Antlaşma İmzalandığı Tarihi 2010
Bölüm / Bölüm / Toplantı Sayısı 40
245 ## - BAŞLIK TABLOSU
Başlık 40. Panel
Başlığın Kalan "Referanduma doğru anayasa değişikliği
Sorumluluk Tablosu, Vb Ege-Koop
260 ## - YAYIN, DAĞITIM, VB
Yayın, Dağıtım, Vb Yeri İzmir
Yayıncı, Dağıtıcı, Vs Adı Ege-Koop
Yayın, Dağıtım, Vb Tarihi 2010
300 ## - FİZİKSEL TANIM
Kapsam 74 s.
Diğer Fiziksel Ayrıntıları fotğ.
Boyutlar 19 sm.
650 ## - KONU KATMA GİRİŞ - TOPİKAL DÖNEM
Topikal Süreli Veya Coğrafi Ad Giriş Elemanı Anayasa değişikliği
Genel Alt Bölümü Toplantılar
650 ## - KONU KATMA GİRİŞ - TOPİKAL DÖNEM
Topikal Süreli Veya Coğrafi Ad Giriş Elemanı Siyasal süreç
Coğrafi Alt Bölümü Türkiye
942 ## - EKLENDİ GİRİŞ ELEMANLARI (KOHA)
Sınıflandırma Veya Raf Düzeni Kaynak Dewey Decimal Classification
Koha Öğesi Türü Books
999 ## - SİSTEM KONTROL NUMARALARI (KOHA)
Koha Biblionumber 2710
Koha Biblioitemnumber 2710
Holdings
Kalıcı Konum Mevcut Konum Edinme Tarihi Edinim Kaynak Toplam Check-Out'Lar Tam Çağrı Numarası Barkod Tarih Son Görülme İtibaren Geçerli Fiyatlar Koha Öğesi Türü
CHP Kütüphanesi CHP Kütüphanesi 10/21/2016 Bağış   342.03 R32k 2010 005838 10/21/2016 10/21/2016 Books